000 01732nam a2200181Ia 4500
008 151202s9999||||xx |||||||||||||| ||und||
082 _bPNVM-123426
100 _aरामनारायणशास्त्री प्रधानचिकित्सक वैद्यराज बैद्यनाथ.
245 _aआरोग्य प्रकाश आयुर्वेदीय औषधे आणि त्यांचाविविध रोगांवर वापर चिकित्सा स्वस्थवृत्त ऋतुचर्या इ.चे विवरण.
260 _b"श्रीबैद्यनाथ आयुर्वेद भवन लि.कोलकाता,पटना,झांसी नागपुर."
260 _c1970
300 _a560
600 _aरामनारायणशास्त्री प्रधानचिकित्सक वैद्यराज बैद्यनाथ.
630 _aआरोग्य प्रकाश आयुर्वेदीय औषधे आणि त्यांचाविविध रोगांवर वापर चिकित्सा स्वस्थवृत्त ऋतुचर्या इ.चे विवरण.
700 _aरामनारायणशास्त्री प्रधानचिकित्सक वैद्यराज बैद्यनाथ.
730 _aआरोग्य प्रकाश आयुर्वेदीय औषधे आणि त्यांचाविविध रोगांवर वापर चिकित्सा स्वस्थवृत्त ऋतुचर्या इ.चे विवरण.
942 _cBOOK
999 _c1353555
_d1353552